000 00409nam a2200157Ia 4500
003 IQ-KOUCL
041 _aKurdish
082 _a891,109 cut-959 ح
100 _a20260118u\\\\\\\\\\\y0engy0103\\\\ba
100 _aشنۆ محەمەد حەمید
245 0 _aجێژوان - شیعر -
250 _aچ1
260 _bچاپخانەیى رۆشنبیرى
_aهەولێر
_c2010
300 _a87
942 _cBk
999 _c187466
_d187466